| 000 | 01195nam a2200301 a 4500 | ||
|---|---|---|---|
| 001 | BRL_1502 | ||
| 005 | 20190320211234.0 | ||
| 008 | 300114s1980----u--ao#####---#000-0#eng-# | ||
| 041 | _aspa | ||
| 044 | _au | ||
| 050 | 4 |
_aF1221.Y3 _b.G75 1980 |
|
| 100 | 1 |
_aGriffith, James S. _927112 |
|
| 245 | 1 | 0 |
_aOld men of the fiesta _ban introduction to the Pascola Arts _cby James S. Griffith and Felipe S. Molina ; foreword by Patrick T. Houlihan. |
| 260 |
_aPhoenix, Arizona _bThe Heard Museum _c1980 |
||
| 300 |
_a47 p. _bil., mapas _c20 cm. |
||
| 500 | _aAu1732 | ||
| 500 | _aIncluye dedicatoria a Ruth Lechuga | ||
| 500 | _aPrepared in coordination with an Exhibition by The Heard Museum april 12- agust 15, 1980 | ||
| 504 | _aBibliografía: p. 44-46 | ||
| 650 | 1 | 4 |
_aYaquis _vExposiciones _xRitos y ceremonias _927113 |
| 650 | 1 | 4 |
_aMayos _vExposiciones _xRitos y ceremonias _927114 |
| 650 | 1 | 4 |
_aIndígenas de México _vExposiciones _xRitos y ceremonias _zSonora (Estado) _927115 |
| 650 | 1 | 4 |
_aIndígenas de América del Norte _vExposiciones _xRitos y ceremonias _zArizona _927116 |
| 700 | 1 |
_aMolina, Felipe S. _927117 |
|
| 700 | 1 |
_aHoulihan, Patrick T. _927118 |
|
| 902 | _aGRL | ||
| 942 |
_2lcc _cB |
||
| 999 |
_c10312 _d10312 |
||